000 01061cam a22003257a 4500
003 CHAP
005 20220329134319.0
008 971013s1977 r 00010 d
010 _a18581
011 _a19553
035 _a23638
040 _cCHAP
090 _aFolleto 4471
100 0 0 _aBokdam, J.
_913458
245 0 _aSeedling morphology of some african sapotaceae and its taxonomical significance
260 _aWageningen :
_bVeenman & Zonen,
_c1977
300 _a84 p.
_b: ilus.
490 0 _aMededelingen Landbouwhogeschool
_v; 75-19
590 _aBATCH-UPD
_b10
_c20130110
_lUCH01
_h1836
590 _aBATCH-UPD
_b10
_c20130410
_lUCH01
_h1208
590 _aBATCH-UPD
_b10
_c20130914
_lUCH01
_h1921
590 _aCONVERSION
_b10
_c20130109
_lUCH01
_h1311
650 1 4 _aPlántulas.
_989193
650 1 4 _aSapotaceae.
_9102598
830 0 _aMededelingen Landbouwhogeschool
_v; 75-19
_973858
901 _aBK
942 _cFOLL
949 _aFolleto 4471
_bBC
_cFOLL
_d-54903
_eTS1
_i23638
_mD
_si
949 _aFolleto 4471
_bBC
_cFOLL
_d-54904
_eTS2
_fc.2
_i23638
_si
999 _c18581
_d18581